000 01061nam a2200253Ia 4500
003 OSt
005 20220923211320.0
006 a|||||r|||| 00| 0
007 ta
008 220922b |||||||| |||| 00| 0 urd d
020 _a9788181438744 (hbk)
_c150
024 _a241,043
037 _b447, 18/02/2010, Vani Prakashan
_cTextual
040 _aARTS
_cARTS
_burd
041 _2urd
_aurd
082 _aO168,3N12x, 152P8
100 _aमन्टो; ज़ौक़ी, मुशर्रफ आलम, संपा.
_9160232
245 0 _aसन् 1919 की एक बात, सम्पा मुशर्रफ आलम ज़ौक़ी
246 _aSan 1919 kī ek bāta, sampā musharraf ālam ज़auक़ī
260 _aनयी दिल्ली
_b वाणी प्रकाशन
_c2008
300 _a89पृ0
_ccm.
942 _hO168,3N12x, 152P8
_cTEXL
_2CC
999 _c298437
_d298437